Gospel centenary compendium: (Record no. 7702)
[ view plain ]
| 000 -LEADER | |
|---|---|
| fixed length control field | 00404nam a22001457a 4500 |
| 003 - CONTROL NUMBER IDENTIFIER | |
| control field | GBCCL |
| 005 - DATE AND TIME OF LATEST TRANSACTION | |
| control field | 20241126110634.0 |
| 008 - FIXED-LENGTH DATA ELEMENTS--GENERAL INFORMATION | |
| fixed length control field | 180911b ||||| |||| 00| 0 eng d |
| 040 ## - CATALOGING SOURCE | |
| Transcribing agency | gbc |
| 082 ## - DEWEY DECIMAL CLASSIFICATION NUMBER | |
| Classification number | SOU GOS |
| Item number | 2010 |
| 245 ## - TITLE STATEMENT | |
| Title | Gospel centenary compendium: |
| Remainder of title | Southern Manipur gospel centenary celebration |
| 260 ## - PUBLICATION, DISTRIBUTION, ETC. | |
| Place of publication, distribution, etc. | Manipur: |
| Name of publisher, distributor, etc. | the celebration committee, |
| Date of publication, distribution, etc. | 2010 |
| 300 ## - PHYSICAL DESCRIPTION | |
| Extent | 96p. ; |
| 942 ## - ADDED ENTRY ELEMENTS (KOHA) | |
| Source of classification or shelving scheme | Dewey Decimal Classification |
| Koha item type | Archives |
| Withdrawn status | Lost status | Source of classification or shelving scheme | Damaged status | Not for loan | Home library | Current Library | Shelving location | Date acquired | Total checkouts | Full call number | Barcode | Date last seen | Copy number | Price effective from | Koha item type |
|---|---|---|---|---|---|---|---|---|---|---|---|---|---|---|---|
| Dewey Decimal Classification | GRACE BIBLE COLLEGE | GRACE BIBLE COLLEGE | Archives | 2018-09-11 | SOU GOS 2010 | 250041 | 2025-05-01 | c.1 | 2018-09-11 | Archives | |||||
| Dewey Decimal Classification | GRACE BIBLE COLLEGE | GRACE BIBLE COLLEGE | Archives | 2018-09-11 | SOU GOS 2010 | 250042 | 2025-05-01 | c.2 | 2018-09-11 | Archives | |||||
| Dewey Decimal Classification | GRACE BIBLE COLLEGE | GRACE BIBLE COLLEGE | Archives | 2018-09-11 | SOU GOS 2010 | 250043 | 2025-05-01 | c.3 | 2018-09-11 | Archives | |||||
| Dewey Decimal Classification | GRACE BIBLE COLLEGE | GRACE BIBLE COLLEGE | Archives | 2018-09-13 | SOU GOS 2010 | 250101 | 2025-05-01 | c.4 | 2018-09-13 | Archives | |||||
| Dewey Decimal Classification | GRACE BIBLE COLLEGE | GRACE BIBLE COLLEGE | Archives | 2019-01-24 | SOU GOS 2010 | 250148 | 2025-05-01 | c.5 | 2019-01-24 | Archives |